| 000 | 00383nam a2200145Ia 4500 | ||
|---|---|---|---|
| 008 | 210719s1992 xx 000 0 und d | ||
| 041 | _aeng | ||
| 082 | _a378.06 MANA | ||
| 100 | _aMANGALORE UNIVERSITY | ||
| 245 | _aAnnual report 1991-92. | ||
| 260 |
_aMangalore. _bMangalore University, Mangalgangotri., _c1992 |
||
| 300 |
_a141 _bPB |
||
| 365 | _cRs | ||
| 650 | _aHigher Education | ||
| 999 |
_c212341 _d212341 |
||